000 00287nam a22001217a 4500
008 180515b xxu||||| |||| 00| 0 eng d
041 _aeng
080 _a043.3
100 _a0
101 _aMBE-BA
245 _aRendesia e Trashegimise ne Biznesin Familjar
_cRrezaj, K
942 _2udc
_cBK
999 _c45816
_d45816